International Accounting and Multinational Enterprises / Third Edition (Record no. 676)
[ view plain ]
| 000 -LEADER | |
|---|---|
| fixed length control field | 02546cam a22002294a 4500 |
| 005 - ΗΜΕΡΟΜΗΝΙΑ ΚΑΙ ΩΡΑ ΤΕΛΕΥΤΑΙΑΣ ΕΝΗΜΕΡΩΣΗΣ | |
| Πεδίο ελέγχου | 20250605163942.0 |
| 008 - FIXED-LENGTH DATA ELEMENTS--GENERAL INFORMATION | |
| Πεδίο ελέγχου σταθερού μήκους | 250528s ||||||||||||||||||||||||d |
| 035 ## - SYSTEM CONTROL NUMBER | |
| System control number | 15077 |
| 020 ## - ISBN | |
| ISBN | 471506346 |
| 040 ## - ΠΗΓΗ ΚΑΤΑΛΟΓΟΓΡΑΦΗΣΗΣ | |
| Φορέας πρωτότυπης καταλογογράφησης | MC Athens Campus Library |
| Γλώσσα καταλογογράφησης | Ελληνικά, Μοντέρνα (1453-) |
| Modifying agency | MC Athens Campus Library |
| Κανόνες περιγραφικής καταλογογράφησης | AACR2 |
| 245 1# - ΤΙΤΛΟΣ ΚΑΙ ΔΗΛΩΣΗ ΥΠΕΥΘΥΝΟΤΗΤΑΣ | |
| Τίτλος | International Accounting and Multinational Enterprises / Third Edition |
| 250 ## - EDITION STATEMENT | |
| Edition statement | 3rd |
| 260 ## - PUBLICATION, DISTRIBUTION, ETC. | |
| Name of publisher, distributor, etc. | John Wiley And Sons, Inc, |
| Date of publication, distribution, etc. | 1993 |
| 300 ## - PHYSICAL DESCRIPTION | |
| Extent | 584 |
| 505 0# - FORMATTED CONTENTS NOTE | |
| Formatted contents note | International Dimensions of Accounting and Control, International Business and Manipulation Strategy, Accounting Systems in the Global Environement, International Patterns of Accounting Development, Comparative International Accounting Systems and Practices, Pressures for International Accounting Harmonization and Disclosure, Multinational Management Perspectives on Information Disclosure and Regulation, International Business Combinations and Consolidations, International Accounting for Goowill and Intangibles, International Segmental Reporting, Accounting for Price Changes and Inflation Internationally, Accounting for Foreign Currency Transactions and Foreign Currency Derivatives, Translation of Foreign Currency Financial Statements, Comparative International Analysis of Financial Statements, International Disclosure Trends and Financial Analysis, Management Control of Global Operations, Performance Evaluation and Budgeting, Product Costing and Transfer Pricing, Index. |
| 520 ## - SUMMARY, ETC. | |
| Summary, etc. | International Dimensions of Accounting and Control, International Business and Manipulation Strategy, Accounting Systems in the Global Environement, International Patterns of Accounting Development, Comparative International Accounting Systems and Practices, Pressures for International Accounting Harmonization and Disclosure, Multinational Management Perspectives on Information Disclosure and Regulation, International Business Combinations and Consolidations, International Accounting for Goowill and Intangibles, International Segmental Reporting, Accounting for Price Changes and Inflation Internationally, Accounting for Foreign Currency Transactions and Foreign Currency Derivatives, Translation of Foreign Currency Financial Statements, Comparative International Analysis of Financial Statements, International Disclosure Trends and Financial Analysis, Management Control of Global Operations, Performance Evaluation and Budgeting, Product Costing and Transfer Pricing, Index. |
| 700 1# - ΠΡΟΣΘΕΤΗ ΑΝΑΓΡΑΦΗ--ΦΥΣΙΚΟ ΠΡΟΣΩΠΟ | |
| Personal name | Gray Sidney J |
| 9 (RLIN) | 917 |
| 700 1# - ΠΡΟΣΘΕΤΗ ΑΝΑΓΡΑΦΗ--ΦΥΣΙΚΟ ΠΡΟΣΩΠΟ | |
| Personal name | Radebaugh Lee H |
| 9 (RLIN) | 914 |
| 942 ## - ADDED ENTRY ELEMENTS (KOHA) | |
| Koha item type | Books |
| Τύπος τεκμηρίου | Βιβλιοθήκη | Τρέχουσα τοποθεσία | Barcode | Αριθμός εισαγωγής | Ημερομηνία απόκτησης | Ταξιθετικό σύμβολο | Αριθμός αντιτύπου | Κατάσταση απόσυρσης | Κατάσταση χαμένου | Κατάσταση κατεστραμμένου | Μη δανεισμός | Σύνολο δανεισμών | Ημερομηνία τελευταίας εμφάνισης | Η τιμή ισχύει από |
|---|---|---|---|---|---|---|---|---|---|---|---|---|---|---|
| Books | MC Athens Campus Library | MC Athens Campus Library | 9780000006752 | 1304 | 05/06/2025 | 657/.96 RAD | 2 | 05/06/2025 | 05/06/2025 |